Prehľad a analýza sociálnych podnikov na Slovensku na základe vybraných charakteristík

Analýza a prehľad registrovaných sociálnych podnikov podľa Registra sociálnych podnikov, ktorý spravuje Ministerstvo práce, sociálnych vecí a rodiny na Slovensku. Výber určitých charakteristík a analýza stavu daných podnikov k 31.03.2022.

Saved in:
Bibliographic Details
Main Author: Pčolinská, Lenka
Format: Book Chapter
Language:Slovak
Subjects:
Tags: Add Tag
No Tags, Be the first to tag this record!

MARC

LEADER 00000naa a2200000 4500
001 0287696
005 20220913085640.0
041 0 |a slo 
044 |a SK 
245 1 0 |a Prehľad a analýza sociálnych podnikov na Slovensku na základe vybraných charakteristík  |c Lenka Pčolinská 
520 |a Analýza a prehľad registrovaných sociálnych podnikov podľa Registra sociálnych podnikov, ktorý spravuje Ministerstvo práce, sociálnych vecí a rodiny na Slovensku. Výber určitých charakteristík a analýza stavu daných podnikov k 31.03.2022. 
610 2 0 |a podnik sociálny 
610 2 0 |a podnikanie sociálne 
610 2 0 |a ekonomika sociálna 
610 2 0 |a registre 
610 2 0 |a analýzy 
100 1 |a Pčolinská, Lenka